[Event "38th Olympiad"]
[Site "Dresden GER"]
[Date "2008.11.22"]
[Round "9"]
[White "Rees,I"]
[Black "Magana,B"]
[Result "1/2-1/2"]
[WhiteElo "2297"]
[BlackElo "2141"]
[EventDate "2008.11.13"]

1. e4 e5 2. Nf3 Nc6 3. Bb5 a6 4. Ba4 Nf6 5. O-O Be7 6. Re1 b5 7. Bb3 O-O 8.
h3 d6 9. c3 Na5 10. Bc2 c5 11. d4 Qc7 12. Nbd2 cxd4 13. cxd4 Nc6 14. d5 Nb4
15. Bb1 a5 16. a3 Na6 17. b4 axb4 18. axb4 Bd7 19. Qb3 Nc5 20. Qc3 Rxa1 21.
Qxa1 Na4 22. Bd3 Rc8 23. Bb2 Nxb2 24. Qxb2 Qc3 25. Qxc3 Rxc3 26. Bf1 Bd8
27. Ra1 Kf8 28. Ra7 Rc7 29. Ra8 Ke7 30. Rb8 Rc1 31. Rb7 Rc7 32. Rb8 Rc1 33.
g4 Ne8 34. Ng5 h6 35. Ngf3 Nc7 36. Kg2 Na6 37. Rb7 Rc7 38. Rxc7 Bxc7 39.
Nb1 Nxb4 40. Nc3 Bb6 41. Nxb5 Nc2 42. Nc3 Nd4 43. Ne2 Nb3 44. Ng3 g6 45.
Ne1 1/2-1/2

[Event "38th Olympiad"]
[Site "Dresden GER"]
[Date "2008.11.22"]
[Round "9"]
[White "Gateri,M"]
[Black "Kett,T"]
[Result "0-1"]
[WhiteElo "2189"]
[BlackElo "2272"]
[EventDate "2008.11.13"]

1. d4 Nf6 2. c4 e6 3. Nf3 d5 4. Nc3 c6 5. Bg5 dxc4 6. a4 Nbd7 7. e3 Qa5 8.
Bxf6 Nxf6 9. Bxc4 Bb4 10. Rc1 O-O 11. O-O c5 12. Na2 cxd4 13. Nxb4 Qxb4 14.
Qxd4 Qxa4 15. Qd6 Qd7 16. Qf4 Qe7 17. e4 Bd7 18. e5 Nh5 19. Qe3 Bc6 20. Nd4
g6 21. Nxc6 bxc6 22. Be2 Ng7 23. Rxc6 Nf5 24. Qc3 Rfd8 25. Rc4 Rab8 26. g3
Qb7 27. b4 Rdc8 28. b5 Rxc4 29. Qxc4 Rc8 30. Qd3 Qc7 31. Qe4 Qc3 32. Qb7
Rc7 33. Qe4 Ne7 34. Rd1 Nd5 35. Rd4 Qe1+ 36. Bf1 Qa1 37. Ra4 Qb2 38. Qd4
Qxd4 39. Rxd4 Nc3 40. Rd8+ Kg7 41. Rb8 g5 42. b6 axb6 43. Rxb6 Rc5 44. Rb3
Ne4 45. Re3 Nd2 46. Be2 Nb1 47. Kg2 Nc3 48. Bf3 Kg6 49. g4 Na4 50. Be2 Nb6
51. Bd3+ Kg7 52. Kg3 h6 53. h3 Nd5 54. Rf3 Nf4 55. Re3 Nxd3 56. Rxd3 Rxe5
57. f4 gxf4+ 58. Kxf4 Ra5 59. h4 Ra4+ 60. Kf3 Kg6 61. Kg3 h5 62. gxh5+ Kxh5
63. Rf3 f5 64. Rc3 Rg4+ 65. Kf3 Rxh4 66. Rc8 Ra4 67. Re8 Re4 68. Rg8 e5 69.
Rg7 Ra4 70. Kf2 Ra3 71. Rg8 e4 72. Ke2 f4 73. Kd2 Ra2+ 74. Kc3 f3 75. Kd4
f2 76. Rf8 Re2 0-1

[Event "38th Olympiad"]
[Site "Dresden GER"]
[Date "2008.11.22"]
[Round "9"]
[White "Spice,A"]
[Black "Andolo,H"]
[Result "0-1"]
[WhiteElo "2173"]
[BlackElo "2139"]
[EventDate "2008.11.13"]

1. Nc3 d5 2. e4 d4 3. Nce2 e5 4. Ng3 Nf6 5. Bc4 Bd6 6. Nf3 Qe7 7. c3 c5 8.
O-O O-O 9. cxd4 cxd4 10. d3 Be6 11. Bxe6 Qxe6 12. Nf5 Re8 13. Ng5 Qd7 14.
f4 Nc6 15. Qb3 Nd8 16. Nxd6 Qxd6 17. fxe5 Qxe5 18. Bf4 Qa5 19. Qxb7 Nxb7
0-1

[Event "38th Olympiad"]
[Site "Dresden GER"]
[Date "2008.11.22"]
[Round "9"]
[White "Mannhart,M"]
[Black "Mas,H"]
[Result "1/2-1/2"]
[WhiteElo "2154"]
[BlackElo "2439"]
[EventDate "2008.11.13"]

1. Nc3 c5 2. Nf3 a6 3. e4 b5 4. d3 Bb7 5. g3 e6 6. Bg2 d6 7. O-O Nd7 8. Ng5
Ngf6 9. f4 Qc7 10. Qe2 b4 11. Nd1 h6 12. Nf3 Nb6 13. Nf2 Be7 14. c3 a5 15.
Re1 O-O 16. e5 Nh7 17. Ng4 Rfd8 18. exd6 Bxd6 19. c4 Nd7 20. Bd2 Nb8 21.
Rad1 Nc6 22. Be3 Be7 23. Qf2 Nd4 24. Bxd4 cxd4 25. Qe2 Bc5 26. Nfe5 Rac8
27. Bxb7 Qxb7 28. Qg2 Qc7 29. Re2 Nf8 30. Rde1 f6 31. Nf3 Qd7 32. Nf2 Qa4
33. Ra1 Ra8 34. Ne4 Be7 35. Kh1 Ra6 36. Nf2 Bc5 37. Ne4 Be7 38. Nf2 Bc5 39.
Ne4 1/2-1/2

[Event "38th Olympiad"]
[Site "Dresden GER"]
[Date "2008.11.22"]
[Round "9"]
[White "Lim Yee Weng"]
[Black "Frick,R"]
[Result "1-0"]
[WhiteElo "2396"]
[BlackElo "2145"]
[EventDate "2008.11.13"]

1. d4 Nf6 2. Nc3 d5 3. Bg5 Nbd7 4. Qd2 h6 5. Bf4 c6 6. f3 Nh5 7. e4 Nxf4 8.
Qxf4 e6 9. Qg3 Be7 10. h4 O-O 11. e5 f5 12. Nce2 Rf7 13. O-O-O c5 14. f4
Qb6 15. Nf3 Nf8 16. Qh3 Bd7 17. Ng5 Rc8 18. Nxf7 Kxf7 19. g4 cxd4 20. gxf5
Qa6 21. Kb1 d3 22. Qxd3 Bb5 23. Qd2 1-0

[Event "38th Olympiad"]
[Site "Dresden GER"]
[Date "2008.11.22"]
[Round "9"]
[White "Guller,A"]
[Black "Mok Tze Meng"]
[Result "0-1"]
[WhiteElo "2117"]
[BlackElo "2308"]
[EventDate "2008.11.13"]

1. d4 g6 2. Nf3 Bg7 3. g3 Nf6 4. Bg2 O-O 5. O-O c5 6. c3 cxd4 7. cxd4 d5 8.
Nc3 Nc6 9. Bf4 Bf5 10. Ne5 Rc8 11. Nxc6 bxc6 12. Qd2 Re8 13. Rfd1 Nd7 14.
e4 dxe4 15. Nxe4 Nb6 16. Rac1 Nd5 17. Bh6 Bh8 18. Nc3 Qd7 19. Nxd5 cxd5 20.
Bf4 Bh3 21. Bh1 Red8 22. b3 Qb5 23. Bf3 h5 24. Bg2 Bxg2 25. Kxg2 Qb6 26.
Be3 Bg7 27. Re1 e6 28. h3 Re8 29. Red1 Bf8 30. Bf4 Qb4 31. Qe3 Qa3 32. Qd2
Qa6 33. Be5 Qa3 34. Qf4 Bg7 35. Bxg7 Kxg7 36. Qd2 a5 37. Rc2 Qb4 38. Qxb4
axb4 39. Rdc1 Rxc2 40. Rxc2 Ra8 41. Kf3 Kf6 42. Ke3 Ra7 43. Kf3 Ke7 44. Ke3
Kd6 45. Rc8 Rxa2 46. Rb8 h4 47. Rxb4 Rc2 48. Rb7 Rc3+ 49. Kf4 hxg3 50. fxg3
Rd3 51. Rxf7 Rxd4+ 52. Kg5 Rd3 53. Kg4 Rxb3 54. Rg7 d4 55. Rxg6 Kd5 56. Rg8
Ke4 57. h4 d3 58. Rd8 Rb5 59. h5 Rd5 60. Rxd5 exd5 0-1

[Event "38th Olympiad"]
[Site "Dresden GER"]
[Date "2008.11.22"]
[Round "9"]
[White "Liew Chee Meng Jimmy"]
[Black "Muendle,K"]
[Result "1-0"]
[WhiteElo "2306"]
[BlackElo "1928"]
[EventDate "2008.11.13"]

1. e4 e6 2. d4 d5 3. Nd2 c5 4. exd5 exd5 5. Ngf3 Nf6 6. Bb5+ Bd7 7. Qe2+
Qe7 8. O-O Qxe2 9. Bxe2 Bd6 10. dxc5 Bxc5 11. Nb3 Bd6 12. Be3 O-O 13. Rad1
Nc6 14. Bc5 Bxc5 15. Nxc5 Bg4 16. h3 Bf5 17. c3 b6 18. Na6 Rad8 19. Bb5 Na5
20. Ne5 Bc8 21. Rd4 Bxa6 22. Bxa6 Rfe8 23. f4 Ne4 24. Bb5 Re7 25. Rfd1 f6
26. Rxe4 fxe5 27. Rxe5 Rxe5 28. fxe5 Kf7 29. b4 a6 30. Bxa6 Nc6 31. Bb7
Nxe5 32. Rxd5 Rxd5 33. Bxd5+ Ke7 34. a4 Kd6 35. Bg8 h6 36. Kf2 Nd3+ 37. Ke3
Nb2 38. Bb3 1-0

[Event "38th Olympiad"]
[Site "Dresden GER"]
[Date "2008.11.22"]
[Round "9"]
[White "Grooten,H"]
[Black "Sorensen,To"]
[Result "0-1"]
[WhiteElo "2376"]
[BlackElo "2383"]
[EventDate "2008.11.13"]

1. d4 f5 2. g3 Nf6 3. Bg2 g6 4. b4 Bg7 5. c4 d6 6. Bb2 e5 7. dxe5 Nfd7 8.
Nd2 Nxe5 9. Qb3 Qe7 10. Nh3 a5 11. O-O axb4 12. Rae1 Na6 13. f4 Nc5 14.
Qxb4 Nc6 15. Bxc6+ bxc6 16. Bxg7 Qxg7 17. Nb3 Ra4 18. Qb8 O-O 19. Nxc5 Qd4+
20. Nf2 Qxc5 21. Qxc7 Ra7 22. Qb8 Bb7 23. Qxa7 Qxa7 24. Rb1 Ba6 25. Rfd1
Bxc4 26. Rxd6 Bd5 0-1

[Event "38th Olympiad"]
[Site "Dresden GER"]
[Date "2008.11.22"]
[Round "9"]
[White "Pace,C"]
[Black "Dekker,Marv"]
[Result "1/2-1/2"]
[WhiteElo "2148"]
[BlackElo "2130"]
[EventDate "2008.11.13"]

1. e4 Nf6 2. e5 Nd5 3. d4 d6 4. Nf3 dxe5 5. Nxe5 Nd7 6. Nf3 e6 7. Be2 c5 8.
O-O cxd4 9. Nxd4 a6 10. c4 N5f6 11. b3 Bc5 12. Bb2 O-O 13. Qc2 Qb6 14. Nf3
Ng4 15. Bd3 Nxf2 16. Rxf2 Bxf2+ 17. Qxf2 Qxf2+ 18. Kxf2 Nc5 19. Bc2 Rd8 20.
Ke2 Bd7 21. Nc3 Bc6 22. b4 Nd7 23. b5 Bxf3+ 24. gxf3 Rac8 25. Ne4 Rxc4 26.
Bd3 Rc7 27. Rd1 axb5 28. Bxb5 Rc2+ 29. Rd2 Rxd2+ 30. Nxd2 Nb6 31. Ne4 Ra8
32. Nc3 Nd5 33. a4 Rc8 34. Kd2 Rd8 35. Ke2 Rc8 36. Kd2 Rd8 37. Ke2 Rc8
1/2-1/2

[Event "38th Olympiad"]
[Site "Dresden GER"]
[Date "2008.11.22"]
[Round "9"]
[White "Mensing,F"]
[Black "Zerafa,P"]
[Result "1-0"]
[WhiteElo "2119"]
[BlackElo "2065"]
[EventDate "2008.11.13"]

1. e4 c5 2. Nf3 d6 3. d4 cxd4 4. Nxd4 Nf6 5. Nc3 g6 6. Be2 Bg7 7. O-O O-O
8. Be3 Nc6 9. Nb3 Bd7 10. f4 a6 11. a4 Na5 12. e5 Ne8 13. Nd5 Nxb3 14. Bb6
Qb8 15. Nxe7+ Kh8 16. cxb3 Be6 17. Rc1 dxe5 18. f5 gxf5 19. Nxf5 Bf6 20.
Bc5 Rg8 21. Ne7 Rg5 22. Nd5 Bg7 23. Nb6 Qd8 24. Nxa8 Qxa8 25. Be3 Rg6 26.
Bh5 Nf6 27. Bxg6 hxg6 28. Rxf6 Bxf6 29. Qf3 Bg7 30. Rc7 Qd8 31. Rc1 Qd7 32.
Rd1 Qe7 33. Qg3 Bf6 34. Qf2 Bxb3 35. Bc5 Bh4 36. Qe3 Qxc5 37. Qxc5 Bxd1 38.
Qxe5+ 1-0

[Event "38th Olympiad"]
[Site "Dresden GER"]
[Date "2008.11.22"]
[Round "9"]
[White "Zerafa,R"]
[Black "Flanders,C"]
[Result "1/2-1/2"]
[WhiteElo "1991"]
[BlackElo "2021"]
[EventDate "2008.11.13"]

1. e4 c5 2. Nf3 Nc6 3. d4 cxd4 4. Nxd4 e5 5. Nb5 d6 6. N1c3 a6 7. Na3 b5 8.
Nd5 Be6 9. c3 Be7 10. Nc2 Nf6 11. Nxf6+ Bxf6 12. Ne3 O-O 13. Bd3 Bg5 14.
O-O Ne7 15. Qe2 f5 16. Nxf5 Nxf5 17. Bxg5 Qxg5 18. exf5 Bxf5 19. Bxf5 Qxf5
20. a4 Qd7 21. Qe4 Rab8 22. a5 Rbc8 23. Rfd1 Qc6 24. Rd5 b4 25. Qd3 bxc3
26. bxc3 Qxc3 27. Qxc3 Rxc3 28. Rxd6 Rfc8 29. g3 R8c6 30. Rad1 R3c5 31.
Rxc6 Rxc6 32. Rd8+ Kf7 33. Ra8 Kf6 34. Kg2 g6 35. Ra7 h5 36. h4 Kf5 37. Kf3
Rc3+ 38. Ke2 Rc6 39. Kd3 Ke6 40. f3 Kd6 41. g4 hxg4 42. fxg4 Kd5 43. g5 Ke6
44. Rb7 Rd6+ 45. Ke3 Rd4 46. Rb6+ Kf5 47. Rf6+ Kg4 48. Rxg6 Kxh4 49. Re6
Rg4 50. g6 Kh5 51. Rxa6 Kh6 52. Re6 Ra4 53. Rxe5 Kxg6 54. Kd3 Kf6 55. Rh5
Ke7 56. Kc3 Kd7 57. Kb3 Rg4 58. Rc5 Kd6 59. Rc1 Rg5 60. Kb4 Rg8 61. a6 Rg2
62. Ka5 Ra2+ 63. Kb6 Rb2+ 64. Ka7 Ra2 65. Kb7 Rb2+ 66. Ka8 Ra2 67. a7 Kd7
68. Rc5 Rb2 69. Rc4 Rb3 70. Rh4 Kc7 71. Rh7+ Kc6 72. Rg7 Rb2 73. Rg6+ Kc7
1/2-1/2

[Event "38th Olympiad"]
[Site "Dresden GER"]
[Date "2008.11.22"]
[Round "9"]
[White "Abera,Y"]
[Black "Chang,E1"]
[Result "1-0"]
[WhiteElo "2201"]
[BlackElo "2056"]
[EventDate "2008.11.13"]

1. e4 e5 2. Nf3 Nf6 3. Nc3 Nc6 4. Bc4 Bb4 5. d3 d6 6. h3 h6 7. O-O O-O 8.
a3 Ba5 9. Ne2 Qe7 10. Ng3 Be6 11. Ba2 Bxa2 12. Rxa2 Bb6 13. Ra1 Qe6 14. Nf5
Nh7 15. Kh2 d5 16. Qe2 Rfe8 17. c3 Rad8 18. Rg1 Rd7 19. g4 Red8 20. Bd2
dxe4 21. dxe4 Kh8 22. Rg2 Na5 23. Rag1 Qc4 24. Re1 f6 25. h4 Qxe2 26. Rxe2
Nc4 27. Be3 Nxe3 28. fxe3 c6 29. g5 hxg5 30. hxg5 g6 31. N5h4 Nxg5 32. Nxg5
fxg5 33. Rxg5 Rd2 34. Rgg2 Rxe2 35. Rxe2 Kh7 36. Kg3 Rf8 37. Nf3 Kg7 38.
Kg4 Kf6 39. Ng5 Ke7 40. Nf3 Bc7 41. Rh2 Rf7 42. Rh6 Kf6 43. Nh4 Rg7 44. c4
Bb6 45. Ng2 Rd7 46. Kf3 Kg5 47. Rh8 Rf7+ 48. Ke2 Kg4 49. Ne1 g5 50. Nd3 Bc7
51. Re8 Kg3 52. b4 g4 53. Nxe5 Rf2+ 54. Kd3 Ra2 55. Kd4 Rxa3 56. Nd3 b6 57.
e5 a5 58. Rc8 c5+ 59. bxc5 bxc5+ 60. Nxc5 Bxe5+ 61. Kxe5 Rxe3+ 62. Ne4+ Kf3
63. Rf8+ Ke2 64. c5 g3 65. Rg8 a4 66. Kd4 Rxe4+ 67. Kxe4 Kf2 68. Kd3 a3 69.
Kc3 g2 70. c6 1-0

[Event "38th Olympiad"]
[Site "Dresden GER"]
[Date "2008.11.22"]
[Round "9"]
[White "Pribeanu,D"]
[Black "Ahmed,Abdu"]
[Result "1-0"]
[WhiteElo "2232"]
[BlackElo "2246"]
[EventDate "2008.11.13"]

1. e4 c5 2. Nf3 e6 3. d3 Nc6 4. g3 d5 5. Nbd2 Nf6 6. Bg2 Be7 7. O-O O-O 8.
e5 Nd7 9. Re1 Qc7 10. Qe2 b5 11. Nf1 a5 12. Bf4 b4 13. h4 Ba6 14. N1h2 c4
15. Ng4 Qb6 16. Qd2 cxd3 17. cxd3 b3 18. a3 Nd4 19. Bg5 Nxf3+ 20. Bxf3 Bxg5
21. Qxg5 Kh8 22. Rad1 f6 23. exf6 Nxf6 24. Ne5 Qd4 25. Rd2 Rac8 26. h5 Ng8
27. Qg4 Qxg4 28. Bxg4 Nh6 29. Bxe6 Rc2 30. Rxc2 bxc2 31. Bxd5 Rc8 32. Rc1
Rc5 33. Bc4 Nf5 34. Nf7+ Kg8 35. Nh6+ Kf8 36. Nxf5 Bxc4 37. dxc4 Rxf5 38.
Rxc2 Rxh5 39. Rd2 Rc5 40. Rd4 Ke7 41. b4 Re5 42. Kg2 Re2 43. Rd5 axb4 44.
axb4 Rc2 45. Rd4 Ke6 46. Kf3 g5 47. g4 Rb2 48. b5 h6 49. Ke3 Ke5 50. Rd5+
Ke6 51. f3 Rb1 52. Kd4 Rf1 53. b6 Rxf3 54. b7 Rf8 55. Kc5 h5 56. Rxg5 hxg4
57. Kb6 Kd7 58. Rg7+ Ke6 59. Rxg4 1-0

[Event "38th Olympiad"]
[Site "Dresden GER"]
[Date "2008.11.22"]
[Round "9"]
[White "Aristotelous,V"]
[Black "Warner,De"]
[Result "1-0"]
[WhiteElo "1920"]
[BlackElo "2226"]
[EventDate "2008.11.13"]

1. e4 e6 2. d4 d5 3. Nc3 Nf6 4. Bg5 Bb4 5. e5 h6 6. Be3 Ne4 7. Qg4 Kf8 8.
Bd3 Nxc3 9. a3 Be7 10. bxc3 c5 11. f4 Qa5 12. Bd2 Qa4 13. Nf3 Nc6 14. O-O
c4 15. Be2 Qxc2 16. Bd1 Qb2 17. Ba4 Qb6 18. Bc2 g6 19. Rab1 Qd8 20. a4 b6
21. h4 h5 22. Qg3 Bd7 23. Ng5 Qe8 24. Qf3 Na5 25. Rf2 Kg7 26. Qg3 Bxa4 27.
Bxa4 Qxa4 28. f5 exf5 29. Rxf5 Rhf8 30. Rbf1 Qe8 31. Rxf7+ Rxf7 32. Rxf7+
Qxf7 33. Nxf7 Kxf7 34. Qf3+ Kg7 35. Qxd5 Rd8 36. Qe4 Nb3 37. Bg5 Rd7 38.
Qc6 Nc5 39. dxc5 Bxc5+ 40. Kh2 Rf7 41. e6 Rf1 42. Qd7+ 1-0

[Event "38th Olympiad"]
[Site "Dresden GER"]
[Date "2008.11.22"]
[Round "9"]
[White "Klerides,P"]
[Black "Howell,Sh"]
[Result "0-1"]
[WhiteElo "2212"]
[BlackElo "2006"]
[EventDate "2008.11.13"]

1. e4 e5 2. Nf3 Nc6 3. Bc4 Bc5 4. c3 Nf6 5. d4 exd4 6. cxd4 Bb4+ 7. Bd2
Nxe4 8. Bxb4 Nxb4 9. Bxf7+ Kxf7 10. Qb3+ d5 11. Ne5+ Kg8 12. Qxb4 Qd6 13.
Qa3 Bf5 14. O-O g6 15. f3 Qxa3 16. Nxa3 Nd6 17. Rac1 c6 18. Rfe1 Re8 19. g4
Bc8 20. Nc2 Kg7 21. Kg2 Re7 22. Nd3 Rhe8 23. Rxe7+ Rxe7 24. Re1 Rxe1 25.
Ncxe1 b6 26. Kf2 Kf6 27. Nc2 Nf7 28. h4 Ke6 29. Ke3 Kd6 30. Kf4 c5 31. a4
Ba6 32. Ne5 Nxe5 33. dxe5+ Ke6 34. Ne1 d4 35. b3 Bb7 36. Kg5 Kxe5 37. Nd3+
Ke6 38. f4 Be4 39. Nf2 Bc2 40. h5 gxh5 41. f5+ Kf7 42. Kxh5 d3 43. Ne4 Bxb3
44. Kh6 Bd5 45. Nc3 Bf3 46. g5 Kg8 47. f6 d2 48. f7+ Kxf7 49. Kxh7 d1=Q 50.
g6+ Ke7 0-1

[Event "38th Olympiad"]
[Site "Dresden GER"]
[Date "2008.11.22"]
[Round "9"]
[White "Corbin,Ph"]
[Black "Antoniou,A"]
[Result "1-0"]
[WhiteElo "2176"]
[BlackElo "2177"]
[EventDate "2008.11.13"]

1. e4 e5 2. Nf3 Nc6 3. Bb5 Nf6 4. O-O Nxe4 5. d4 Nd6 6. Bxc6 dxc6 7. dxe5
Nf5 8. Qxd8+ Kxd8 9. Nc3 Ne7 10. h3 Ng6 11. Bg5+ Be7 12. Rad1+ Ke8 13. Rfe1
Bxg5 14. Nxg5 Ke7 15. Rd4 Be6 16. f4 Rad8 17. Red1 Rxd4 18. Rxd4 c5 19. Ra4
a6 20. Nxe6 fxe6 21. g3 Rd8 22. Ne4 b6 23. Rxa6 Rd4 24. Ng5 Rd1+ 25. Kf2
Rd2+ 26. Ke3 Rxc2 27. Nxh7 Rxb2 28. h4 Kd7 29. Ra8 Kc6 30. Ng5 Ne7 31. Nxe6
Nf5+ 32. Kd3 Rg2 33. Ra7 Rxg3+ 34. Ke4 g6 35. Rxc7+ Kb5 36. Nf8 Re3+ 37.
Kd5 c4 38. a4+ Kxa4 39. Rxc4+ Kb3 40. Rc1 Kb2 41. Rc7 Nxh4 42. Rb7 Kc3 43.
Rxb6 Rd3+ 44. Kc5 Rg3 45. Ra6 Kd2 46. e6 Nf5 47. Kd5 Ne7+ 48. Ke5 Re3+ 49.
Kd6 Nf5+ 50. Kd7 Rd3+ 51. Ke8 Nd6+ 52. Rxd6 Rxd6 53. Ke7 Ra6 54. Nxg6 Ke3
55. f5 Ke4 56. f6 Ra7+ 57. Kf8 Ra8+ 58. Kf7 Kf5 59. e7 Kg5 60. Nf8 Ra7 61.
Nh7+ 1-0

[Event "38th Olympiad"]
[Site "Dresden GER"]
[Date "2008.11.22"]
[Round "9"]
[White "Garcia,Rau"]
[Black "Agnelo,A"]
[Result "1/2-1/2"]
[WhiteElo "2257"]
[BlackElo "2168"]
[EventDate "2008.11.13"]

1. d4 d5 2. Nf3 Nf6 3. c4 c6 4. e3 e6 5. Nbd2 Nbd7 6. Bd3 Bd6 7. O-O O-O 8.
e4 dxe4 9. Nxe4 Nxe4 10. Bxe4 Nf6 11. Bc2 c5 12. Bg5 h6 13. Bh4 cxd4 14.
Qd3 g6 15. Qxd4 Be7 16. Rad1 Qxd4 17. Nxd4 Bd7 18. b3 Rfd8 19. Nf3 Be8 20.
Bg3 Rac8 21. Be5 b6 22. Rfe1 Bc6 23. Nd4 Be8 24. h3 Nd7 25. Bf4 g5 26. Bg3
Bb4 27. Rf1 Nf6 28. f3 Bc5 29. Bf2 Rd6 30. Ne2 Bxf2+ 31. Kxf2 Rcd8 32. Ke3
Kf8 33. Rxd6 Rxd6 34. Rd1 Rxd1 35. Bxd1 Ke7 36. Kd4 Kd6 37. b4 e5+ 38. Ke3
Nh5 39. g4 Ng7 40. Ng3 Bc6 41. Bc2 Bd7 42. Be4 Be6 43. Bd3 Ne8 44. Kd2 Nf6
45. Kc3 Kc6 46. a3 Kd6 47. Ne4+ Nxe4+ 48. Bxe4 f6 49. Bc2 Bd7 50. Be4 Be6
1/2-1/2

[Event "38th Olympiad"]
[Site "Dresden GER"]
[Date "2008.11.22"]
[Round "9"]
[White "Santamaria,V"]
[Black "Sousa,A"]
[Result "1/2-1/2"]
[WhiteElo "2106"]
[BlackElo "2210"]
[EventDate "2008.11.13"]

1. e4 d6 2. d4 Nf6 3. Nc3 g6 4. g3 Bg7 5. Bg2 O-O 6. Nge2 Na6 7. h3 c5 8.
d5 Rb8 9. a4 Nc7 10. O-O a6 11. a5 b5 12. axb6 Rxb6 13. Ra2 Bd7 14. Be3 Qb8
15. b3 Rb4 16. e5 Nfe8 17. exd6 exd6 18. Ne4 Rb5 19. Qd2 Qc8 20. Kh2 f5 21.
N4c3 Rb4 22. Nf4 Rb8 23. Re1 Kh8 24. Nd3 Qd8 25. Na4 Nf6 26. Bg5 Re8 27.
Raa1 Rxe1 28. Rxe1 c4 29. Nb4 cxb3 30. cxb3 Qf8 31. Rc1 Nce8 32. Nc6 Rxb3
33. Qc2 Rb7 34. Qc4 Rb5 35. Nd4 Ne4 36. Be3 Qe7 37. Nc6 Qf7 38. Nd8 Qe7 39.
Ne6 Bf6 40. Bxe4 fxe4 41. Nc3 Bxe6 42. dxe6 Re5 43. Qxa6 Qxe6 44. Qa8 d5
45. Ne2 Qf7 46. Rc8 Kg7 47. Nf4 g5 48. Nxd5 Qxd5 49. Qxd5 Rxd5 50. Rxe8 Rd7
51. Rxe4 Kf7 52. Kg2 Rd5 53. Ra4 Rd6 54. Kf3 Kg6 55. Rb4 Rc6 56. Rb6 Rxb6
57. Bxb6 Kf5 58. Bc7 Be7 59. g4+ Kg6 60. Ke4 Ba3 61. Bd8 Bc5 62. f3 Bf2 63.
Bc7 Be1 64. Bh2 h5 65. Bg1 hxg4 66. hxg4 Bb4 1/2-1/2

[Event "38th Olympiad"]
[Site "Dresden GER"]
[Date "2008.11.22"]
[Round "9"]
[White "Surbir,L"]
[Black "Arora,N"]
[Result "1-0"]
[WhiteElo "2084"]
[BlackElo "1887"]
[EventDate "2008.11.13"]

1. e4 e5 2. Nf3 Nc6 3. Bb5 a6 4. Ba4 Nf6 5. O-O b5 6. Bb3 Be7 7. Re1 O-O 8.
h3 d6 9. c3 h6 10. d4 Bb7 11. Nbd2 Re8 12. d5 Nb8 13. a4 Nbd7 14. Qe2 c6
15. axb5 axb5 16. Rxa8 Bxa8 17. dxc6 Bxc6 18. Nh2 Nc5 19. Bc2 Qb6 20. Ng4
Ncd7 21. Nf1 Bf8 22. Ng3 Nxg4 23. hxg4 g6 24. Be3 Qb7 25. Qd2 Kh7 26. f3
Nb6 27. b3 d5 28. Kf2 dxe4 29. Rh1 Nd5 30. Bxh6 Kg8 31. Nxe4 Be7 32. Bg5 f6
33. c4 bxc4 34. bxc4 fxg5 35. cxd5 Bxd5 36. Rb1 Qc6 37. Ba4 Qxa4 38. Qxd5+
Kf8 39. Kg3 Qd4 40. Qe6 Qe3 41. Qxg6 Qf4+ 42. Kh3 Qf7 43. Qf5 Kg7 44. Rb7
Qd5 45. Rxe7+ Rxe7 46. Qf6+ Kg8 47. Qxe7 Qd3 48. Nf6+ Kh8 49. Qf8+ 1-0

[Event "38th Olympiad"]
[Site "Dresden GER"]
[Date "2008.11.22"]
[Round "9"]
[White "Goundar,S"]
[Black "Balram,N"]
[Result "0-1"]
[WhiteElo "1883"]
[BlackElo "1909"]
[EventDate "2008.11.13"]

1. d4 e6 2. c4 Nf6 3. Nc3 d5 4. Bg5 Nbd7 5. e3 Be7 6. Nf3 c6 7. Be2 O-O 8.
O-O dxc4 9. Bxc4 b5 10. Bd3 Bb7 11. Rc1 a6 12. Ne4 Nd5 13. Bxe7 Qxe7 14.
Ne5 Nxe5 15. dxe5 Rad8 16. Qe2 Nb6 17. Nd6 Nc8 18. Nxb7 Qxb7 19. Qc2 g6 20.
Be4 Qc7 21. f4 Qa5 22. Qb3 Nb6 23. Rc5 Rd2 24. Bf3 Rfd8 25. Rfc1 R8d3 26.
R1c3 Rxc3 27. Qxc3 Qxc3 28. Rxc3 Rxb2 29. Rxc6 Nc4 30. Rxa6 Nxe3 31. a4 b4
32. a5 Nc4 33. Ra8+ Kg7 34. Rb8 Nxa5 35. Be4 b3 36. Bd3 Rd2 37. Rb5 Rxd3
38. Rxa5 b2 39. Rb5 Rd1+ 0-1

[Event "38th Olympiad"]
[Site "Dresden GER"]
[Date "2008.11.22"]
[Round "9"]
[White "Sujendra,P"]
[Black "Prasad,C FIJ"]
[Result "1/2-1/2"]
[WhiteElo "2068"]
[BlackElo "1888"]
[EventDate "2008.11.13"]

1. e4 c6 2. d4 d5 3. e5 Bf5 4. Bd3 Bxd3 5. Qxd3 e6 6. Nf3 c5 7. Nc3 Nc6 8.
Bg5 Qb6 9. dxc5 Bxc5 10. O-O h6 11. Bd2 Nb4 12. Qb5+ Qxb5 13. Nxb5 Kd7 14.
a3 Nc6 15. b4 Be7 16. Rad1 a6 17. Nbd4 Rc8 18. Nb3 f6 19. Bf4 g5 20. exf6
Nxf6 21. Bg3 b5 22. Rfe1 Rhf8 23. Nfd4 Nxd4 24. Nxd4 Ne4 25. Nxe6 Kxe6 26.
f3 Rxc2 27. fxe4 d4 28. Rxd4 h5 29. Rd5 Rf7 30. Re5+ Kd7 31. Rd1+ Kc8 32.
Rf5 Rxf5 33. exf5 a5 34. bxa5 Bxa3 35. f6 Bc5+ 36. Kf1 h4 37. Bd6 Be3 38.
Rd3 Rf2+ 39. Ke1 Rxf6 40. Rxe3 Rxd6 41. Re5 b4 42. Rxg5 b3 43. Rb5 Ra6 44.
h3 Kd7 45. Rxb3 Rxa5 46. Rb4 Rg5 47. Kf2 Rf5+ 48. Ke3 Re5+ 49. Kf3 Rf5+ 50.
Rf4 Rh5 51. g4 hxg3 52. Kxg3 Ke6 53. Kg4 Rh8 54. h4 Rg8+ 55. Kh5 Ke5 56.
Rf7 Rh8+ 57. Kg5 Rg8+ 58. Kh5 Rh8+ 59. Kg4 Rg8+ 60. Kh3 Ke6 61. Rf3 Rh8 62.
Rf1 Rh7 63. Kg4 Rf7 64. Ra1 Kf6 65. h5 Kg7 66. Kg5 Rb7 67. Ra5 Rc7 68. Re5
Rb7 1/2-1/2

[Event "38th Olympiad"]
[Site "Dresden GER"]
[Date "2008.11.22"]
[Round "9"]
[White "Kumar,M"]
[Black "Manish,H"]
[Result "0-1"]
[WhiteElo "2019"]
[BlackElo "2028"]
[EventDate "2008.11.13"]

1. d4 Nf6 2. Nf3 g6 3. Bf4 d5 4. e3 Bg7 5. Be2 c5 6. c3 Qb6 7. Qb3 Nc6 8.
Nbd2 c4 9. Qxb6 axb6 10. O-O b5 11. a3 O-O 12. Ne5 Bf5 13. g4 Nxe5 14. gxf5
Nc6 15. fxg6 hxg6 16. Bf3 Ra6 17. Bg5 e6 18. Bg2 Rfa8 19. Rac1 Nh7 20. Bh4
g5 21. Bg3 f5 22. f3 Nf6 23. h4 g4 24. Bf4 gxf3 25. Bxf3 Kh7 26. Kf2 Rg8
27. Rg1 Raa8 28. Rg2 Bh6 29. Bg5 Ne4+ 30. Bxe4 fxe4 31. Rcg1 Raf8+ 32. Ke2
Bxg5 33. Rxg5 Rxg5 34. Rxg5 Rg8 35. Rxg8 Kxg8 36. Kf2 Ne7 37. Nf1 Nf5 38.
h5 Kg7 39. Nh2 Kh6 40. Ng4+ Kxh5 41. Ne5 Kg5 42. Nf7+ Kf6 43. Nd8 Nd6 0-1

[Event "38th Olympiad"]
[Site "Dresden GER"]
[Date "2008.11.22"]
[Round "9"]
[White "Fancy,S"]
[Black "Kim,Alex"]
[Result "0-1"]
[WhiteElo "2128"]
[BlackElo "2481"]
[EventDate "2008.11.13"]

1. e4 c5 2. Nf3 e6 3. Nc3 Nc6 4. Bb5 Nd4 5. Nxd4 cxd4 6. Ne2 Qg5 7. Nxd4
Qc5 8. Nxe6 fxe6 9. Be2 e5 10. d3 Nf6 11. O-O Be7 12. Be3 Qc7 13. f4 Bc5
14. d4 exd4 15. e5 dxe3 16. exf6 gxf6 17. b4 Bxb4 18. Bh5+ Kd8 0-1

[Event "38th Olympiad"]
[Site "Dresden GER"]
[Date "2008.11.22"]
[Round "9"]
[White "Jones,Ru"]
[Black "Kim Yongtae"]
[Result "0-1"]
[WhiteElo "1966"]
[BlackElo "1853"]
[EventDate "2008.11.13"]

1. e4 c5 2. Nc3 d6 3. g3 Nc6 4. Bg2 Nf6 5. Nge2 g6 6. O-O Bg7 7. f4 O-O 8.
d3 Rb8 9. h3 e6 10. g4 Ne7 11. Ng3 d5 12. f5 Ne8 13. Bf4 Ra8 14. Qf3 d4 15.
Nce2 e5 16. Bd2 Nc6 17. Qf2 Nd6 18. f6 Bh8 19. Bh6 c4 20. Bxf8 Kxf8 21. a3
Be6 22. g5 Qa5 23. Qe1 Qb5 24. Qd2 Na5 25. Qb4 Qxb4 26. axb4 cxd3 27. bxa5
dxe2 28. Nxe2 Nc4 29. Rf2 Ne3 30. Nc1 Nd1 31. Rf3 Nxb2 32. Rb1 Nc4 33. Rxb7
Nxa5 34. Rb5 Nc4 35. Rfb3 Nb6 36. Rb2 Nd7 37. Nd3 Bc4 38. Rb7 Ke8 39. Rc7
Be6 40. Nc5 Nf8 41. Re7+ 0-1

[Event "38th Olympiad"]
[Site "Dresden GER"]
[Date "2008.11.22"]
[Round "9"]
[White "Chimthere,A"]
[Black "Ho Cheng Fai"]
[Result "1-0"]
[WhiteElo "1966"]
[BlackElo "2041"]
[EventDate "2008.11.13"]

1. d4 d5 2. c4 e6 3. Nf3 Nf6 4. Bg5 c6 5. Nbd2 Nbd7 6. e3 Qa5 7. a3 Bd6 8.
c5 Be7 9. Bd3 h6 10. Bh4 g5 11. Bg3 Nh5 12. b4 Qd8 13. Be5 Nxe5 14. Nxe5
Ng7 15. O-O Bf6 16. Ng4 h5 17. Nxf6+ Qxf6 18. b5 e5 19. dxe5 Qxe5 20. Nf3
Qf6 21. bxc6 bxc6 22. Qa4 O-O 23. Qd4 Qd8 24. Qe5 f6 25. Qc3 Bf5 26. Nd4
Qd7 27. Rab1 Rab8 28. Rb4 Be4 29. Bxe4 dxe4 30. Qb3+ 1-0